000
00287nam a2200109Ia 4500
001
1264692
005
20260417141946.0
008
260417s9999 xx 000 0 und d
020
_a
9789752896338
245
0
_a
Kısa Ömürlü Açelyalar
_c
Müge İplikçi
260
_b
Everest Yayınları
999
_c
1264692
_d
1264692